[Event "5th Open"]
[Site "Kalamaria GRE"]
[Date "2008.08.03"]
[Round "2"]
[White "Rozentalis,E"]
[Black "Eggleston,D"]
[Result "1-0"]
[WhiteElo "2599"]
[BlackElo "2372"]

1.e4 c5 2.Nf3 d6 3.Bb5+ Nd7 4.d4 cxd4 5.Qxd4 a6 6.Bxd7+ Bxd7 7.O-O e5 8.Qd3 h6
9.c4 Nf6 10.Nc3 Be7 11.b3 Be6 12.a4 O-O 13.Ba3 Qc7 14.Rac1 Rad8 15.Nd5 Bxd5
16.cxd5 Qd7 17.Nd2 Nh5 18.g3 Bg5 19.Rfd1 Bxd2 20.Rxd2 f5 21.exf5 Rxf5 22.Bxd6 Nf6
23.Bc7 e4 24.Qc4 b5 25.axb5 axb5 26.Qe2 Re8 27.d6 Rh5 28.f3 exf3 29.Qxf3 Re4
30.Bb6 Rhe5 31.Bf2 Ng4 32.Rc7 Re1+ 33.Kg2 Qe6 34.d7 Ne3+ 35.Bxe3 R5xe3 36.d8=Q+ Kh7
37.Rxg7+ Kxg7 38.Qd7+ Qxd7 39.Rxd7+ Kh8 40.Qf8+  1-0

[Event "Open"]
[Site "Olomouc CZE"]
[Date "2008.08.03"]
[Round "5"]
[White "Stovring,C"]
[Black "Schmid,T1"]
[Result "0-1"]
[WhiteElo "2042"]
[BlackElo "2173"]

1.e4 c5 2.Nf3 d6 3.Bb5+ Bd7 4.Bxd7+ Nxd7 5.O-O Ngf6 6.Re1 e6 7.c3 Be7 8.d4 cxd4
9.cxd4 d5 10.e5 Ne4 11.Nc3 Nxc3 12.bxc3 Rc8 13.Bd2 Rc4 14.Re3 O-O 15.Ne1 Bg5
16.Rh3 Bxd2 17.Qxd2 Qe7 18.Qd3 f5 19.Rb1 Nb6 20.Rb3 Na4 21.Qf3 Rfc8 22.Qh5 g6
23.Qh6 Nxc3 24.Kf1 b6 25.Qd2 Ne4 26.Qb2 Rc1 27.Ke2 Qg5 28.Rbe3 Qf4 29.Rhf3 Qxh2
30.Qb4 Qg1 31.Rxe4 dxe4 32.Ra3 R8c2+ 33.Nxc2 Rxc2+ 34.Ke3 Qxf2+  0-1

[Event "Open"]
[Site "Olomouc CZE"]
[Date "2008.08.03"]
[Round "5"]
[White "Zboril,T"]
[Black "De Verdier,M"]
[Result "1/2-1/2"]
[WhiteElo "2109"]
[BlackElo "2222"]

1.e4 c5 2.Nf3 d6 3.Bb5+ Bd7 4.Bxd7+ Qxd7 5.O-O Nf6 6.Re1 Nc6 7.b3 g6 8.Bb2 Bg7
9.c4 e5 10.Nc3 O-O 11.d3 Nh5 12.Nd5 Rae8 13.a3 Ne7 14.b4 Nxd5 15.cxd5 b6
16.bxc5 bxc5 17.Nd2 f5 18.f3 fxe4 19.dxe4 Bh6 20.Nf1 Rb8 21.Bc3 Qb5 22.Rb1 Qc4
23.Ba5 Qa6 24.Bd2 Rxb1 25.Qxb1 Bxd2 26.Nxd2 Qxa3 27.Nc4 Qa6 28.Qc1 Nf4 29.Kf1 Rd8
30.Qa1 Qb5 31.Qa5 Qxa5 32.Nxa5 Nd3 33.Ra1 Nb4 34.Nc6 Nxc6  1/2-1/2

[Event "12th HZ Open"]
[Site "Vlissingen NED"]
[Date "2008.08.03"]
[Round "3"]
[White "Tan,Mat"]
[Black "Kerkvliet,M"]
[Result "1-0"]
[WhiteElo "2319"]
[BlackElo "2042"]

1.e4 c5 2.Nf3 d6 3.Bb5+ Bd7 4.Bxd7+ Qxd7 5.c4 Nc6 6.Nc3 Nf6 7.d4 cxd4 8.Nxd4 g6
9.f3 Bg7 10.Nde2 O-O 11.O-O Ne5 12.b3 Qc7 13.Be3 Rfd8 14.Qd2 Qa5 15.Kh1 Rd7
16.Rfd1 Nc6 17.Rac1 Qd8 18.a4 Qa5 19.Rb1 b6 20.Bg5 Rc8 21.Qc1 Qa6 22.Qe3 Qb7
23.Rd2 Rcd8 24.Rbd1 h5 25.h3 Nh7 26.Bh4 Na5 27.Nd5 f6 28.Nd4 Nf8 29.f4 Kf7
30.f5 Nc6 31.Nxc6 Qxc6 32.Qf3 a6 33.Rf2 g5 34.Qxh5+ Kg8 35.Bxg5 fxg5 36.Qxg5 Qb7
37.f6  1-0

[Event "12th HZ Open"]
[Site "Vlissingen NED"]
[Date "2008.08.04"]
[Round "4"]
[White "Boutens,L"]
[Black "Reyniers,P"]
[Result "0-1"]
[WhiteElo "2184"]
[BlackElo "2027"]

1.e4 c5 2.Nf3 d6 3.Bb5+ Bd7 4.Bxd7+ Qxd7 5.O-O Nf6 6.Re1 Nc6 7.c3 e6 8.d4 cxd4
9.cxd4 d5 10.e5 Ne4 11.Nbd2 Nxd2 12.Bxd2 Be7 13.Qe2 O-O 14.Qd3 Rfc8 15.a3 h6
16.h3 a5 17.Nh2 b5 18.Ng4 Qa7 19.Nxh6+ gxh6 20.Bxh6 Kh8 21.Qf3 Nxd4 22.Qh5 Rc4
23.Kh1 Qc7 24.b3 Nxb3 25.g3 Kg8 26.f4 Bf8 27.Bg5 Bg7 28.Bf6 Kf8 29.Rab1 Nd2
30.Qh7 Bxf6 31.exf6 Ke8 32.Rbd1 Ne4 33.Qg8+ Kd7 34.Qxf7+ Kc6 35.Qxe6+ Qd6
36.Rxe4 Rxe4 37.Qf5 Qe6 38.Qxe6+ Rxe6 39.Rc1+ Kb6 40.f5 Rxf6 41.g4 b4 42.axb4 axb4
43.Kh2 b3 44.Kg3 b2 45.Rb1 Ra2 46.Kf4 Rc6 47.g5 Rc1  0-1

[Event "5th Open"]
[Site "Kalamaria GRE"]
[Date "2008.08.05"]
[Round "4"]
[White "Rozentalis,E"]
[Black "Gelashvili,T"]
[Result "1/2-1/2"]
[WhiteElo "2599"]
[BlackElo "2612"]

1.e4 c5 2.Nf3 d6 3.Bb5+ Bd7 4.Bxd7+ Qxd7 5.O-O Nc6 6.c3 Nf6 7.Re1 e6 8.d4 cxd4
9.cxd4 d5 10.e5 Ne4 11.Nbd2 Nxd2 12.Bxd2 Be7 13.Rc1 O-O 14.Rc3 Rfc8 15.a3 Nd8
16.Ree3 Rxc3 17.Rxc3 Rc8 18.Qc2 Rxc3 19.Qxc3 Qc6 20.Qxc6 Nxc6 21.a4  1/2-1/2

[Event "IMB Proclient Cup"]
[Site "Olomouc CZE"]
[Date "2008.08.05"]
[Round "9"]
[White "Neoral,A"]
[Black "Blomqvist,E"]
[Result "0-1"]
[WhiteElo "2169"]
[BlackElo "2322"]

1.e4 c5 2.Nf3 d6 3.Bb5+ Bd7 4.Bxd7+ Qxd7 5.c4 Nf6 6.Nc3 g6 7.O-O Bg7 8.d4 cxd4
9.Nxd4 O-O 10.f3 Rc8 11.b3 d5 12.exd5 Nxd5 13.Nxd5 e6 14.Be3 exd5 15.cxd5 Qxd5
16.Bf2 Rd8 17.Nb5 Na6 18.Qxd5 Rxd5 19.a4 Bxa1 20.Rxa1 Rd3 21.h4 Rxb3 22.Nd6 Rd8
23.Ne4 f5 24.Ng5 Rbd3  0-1

[Event "WCh-Junior"]
[Site "Gaziantep TUR"]
[Date "2008.08.06"]
[Round "5"]
[White "Lin Chen"]
[Black "Hou Yifan"]
[Result "1/2-1/2"]
[WhiteElo "2417"]
[BlackElo "2557"]

1.e4 c5 2.Nf3 d6 3.Bb5+ Nc6 4.Bxc6+ bxc6 5.O-O Bg4 6.h3 Bh5 7.Re1 e6 8.d3 Nf6
9.Nbd2 Be7 10.Nf1 Nd7 11.Ng3 Bg6 12.b3 O-O 13.Bb2 e5 14.c3 Bf6 15.d4 Re8
16.Qd2 d5 17.exd5 cxd5 18.dxe5 Nxe5 19.Nxe5 Bxe5 20.Rad1 Re6 21.f4 Bc7 22.f5 Rxe1+
23.Qxe1 Qg5 24.fxg6 Bxg3 25.gxf7+ Kxf7 26.Bc1 Bxe1 27.Bxg5 Bxc3 28.Rxd5 Bd4+
29.Kf1 a5 30.Rd8 Ra6 31.Bd2 a4 32.b4 Bf6 33.Rc8 cxb4 34.Bxb4 a3 35.Ke2 Rb6
36.Rc4 Bb2 37.Kd3 Ke6 38.Bc5 Rb5 39.Ke4 Bf6 40.Bxa3 Re5+ 41.Kf3 Ra5 42.Re4+ Kd5
43.Re3 Bd4 44.Rb3 h5 45.Bb2 Rxa2 46.Bxd4 Kxd4 47.Rb5 g6 48.h4 Ra6 49.Kf4 Re6
50.Kg5 Re2 51.Kxg6 Rxg2+ 52.Kxh5 Ke4 53.Kh6 Kf4 54.h5 Ra2 55.Rg5 Ra8 56.Rg7 Kf5
57.Kh7 Kf6 58.h6 Ra1 59.Rg6+ Kf7 60.Rg4 Rh1 61.Rf4+ Ke7 62.Kg6  1/2-1/2

[Event "5th Open"]
[Site "Kalamaria GRE"]
[Date "2008.08.07"]
[Round "6"]
[White "Rozentalis,E"]
[Black "Manik,M"]
[Result "1-0"]
[WhiteElo "2599"]
[BlackElo "2453"]

1.e4 c5 2.Nf3 d6 3.Bb5+ Nc6 4.d4 cxd4 5.Qxd4 Bd7 6.Bxc6 Bxc6 7.Nc3 Nf6 8.Bg5 e6
9.O-O-O Be7 10.Rhe1 O-O 11.Kb1 Qa5 12.Qd2 Kh8 13.Nd4 h6 14.Bf4 Rad8 15.f3 Nh7
16.h4 Rfe8 17.g4 Bxh4 18.Rh1 Bg5 19.Bxg5 Qxg5 20.f4 Qg6 21.Nxc6 bxc6 22.g5 f5
23.Rdg1 h5 24.Qe2 Kg8 25.a3 fxe4 26.Nxe4 Kf7 27.Rxh5 Nf8 28.Rh2 Ke7 29.Qe3 Rd7
30.Rd2 Red8 31.Re1 Qf5 32.Qc3 Qxf4 33.Rf2 Qe5 34.Ref1 Ng6 35.Rf7+ Ke8 36.Qxc6 Qd5
37.Qa4 Qe5 38.Rxd7 Rxd7 39.Rf7 Kxf7 40.Qxd7+ Kg8 41.Qe8+ Nf8 42.Nf6+ gxf6
43.g6  1-0

[Event "Petrovskaya Ladya Open"]
[Site "Peterhof RUS"]
[Date "2008.08.08"]
[Round "7"]
[White "Krikunov,V"]
[Black "Sakov,A"]
[Result "0-1"]
[WhiteElo "2176"]
[BlackElo "2102"]

1.e4 c5 2.Nf3 d6 3.Bb5+ Bd7 4.Bxd7+ Qxd7 5.c4 Nc6 6.O-O g6 7.d3 Bg7 8.Nc3 e6
9.Be3 Nge7 10.d4 cxd4 11.Nxd4 O-O 12.Rc1 Rfd8 13.Ndb5 b6 14.b3 a6 15.Nd4 Qb7
16.Nxc6 Nxc6 17.Qe2 Rab8 18.Rfd1 Bf8 19.Bf4 Rbc8 20.Qd2 b5 21.cxb5 axb5 22.Qd3 Nb4
23.Nxb5 Nxd3  0-1

[Event "5th Open"]
[Site "Kalamaria GRE"]
[Date "2008.08.09"]
[Round "8"]
[White "Rozentalis,E"]
[Black "Paulet,I"]
[Result "1-0"]
[WhiteElo "2599"]
[BlackElo "2275"]

1.e4 c5 2.Nf3 d6 3.Bb5+ Bd7 4.Bxd7+ Qxd7 5.c4 Nc6 6.Nc3 g6 7.d4 cxd4 8.Nxd4 Nf6
9.f3 Bg7 10.Be3 O-O 11.O-O Nxd4 12.Bxd4 Rfc8 13.b3 Qd8 14.Qd2 Qa5 15.Rad1 Kf8
16.Qb2 Kg8 17.Rfe1 Qg5 18.e5 dxe5 19.Rxe5 Qh4 20.Bf2 Qh6 21.Be3 g5 22.Rxg5 Rd8
23.Re1 Rd3 24.Qc1 Rad8 25.Rg3 Qh4 26.Rh3 Qxe1+ 27.Qxe1 Rxc3 28.Qxc3 Rd1+
29.Kf2 Ng4+ 30.fxg4 Bxc3 31.Rh5 e6 32.Rc5 Ra1 33.a4 Rb1 34.Rg5+ Kh8 35.Rb5 b6
36.c5 bxc5 37.Rxc5 Bb4 38.Bd4+ f6 39.Bxf6+ Kg8 40.Rc7 h6 41.Rg7+ Kf8 42.Rb7 Bc5+
43.Ke2 Kg8 44.g3 Rg1 45.b4 Rg2+ 46.Kf3 Rf2+ 47.Ke4 Bb6 48.Bd4 Re2+ 49.Kd3 Rxh2
50.a5  1-0

[Event "12th HZ Open"]
[Site "Vlissingen NED"]
[Date "2008.08.09"]
[Round "9"]
[White "Tan,Mat"]
[Black "Gonzalez Vidal,Y"]
[Result "1/2-1/2"]
[WhiteElo "2319"]
[BlackElo "2464"]

1.e4 c5 2.Nf3 d6 3.Bb5+ Bd7 4.Bxd7+ Qxd7 5.c4 Nf6 6.Nc3 g6 7.d4 cxd4 8.Nxd4 Bg7
9.f3 O-O 10.O-O Nc6 11.Nde2 a6 12.a4 e6 13.Bg5 Qc7 14.Kh1 Rfd8 15.b3 h6 16.Bh4 Qa5
17.Rc1 Rd7 18.Qc2 g5 19.Bg3 d5 20.cxd5 exd5 21.e5 Nh5 22.Qf5 Re7 23.f4 d4
24.fxg5 Nxg3+ 25.Nxg3 dxc3 26.gxh6 Bxh6 27.Nh5 Bxc1 28.Nf6+ Kf8 29.Qh7 Rxe5
30.Nd7+ Ke7 31.Qxf7+ Kd8 32.Nxe5 Qxe5 33.Qxb7 Bf4 34.Qxa8+ Kc7 35.Qg8 Kb6
36.Qc4 Bxh2 37.Rf3 Bg3 38.a5+ Kc7 39.Qf7+ Ne7 40.Rxg3 Qxg3 41.Qxe7+ Kc6 42.Qe6+ Kc7
43.Qe7+  1/2-1/2

[Event "US Open"]
[Site "Dallas USA"]
[Date "2008.08.10"]
[Round "9"]
[White "West,V"]
[Black "Bayaraa,Z"]
[Result "0-1"]
[WhiteElo "2073"]
[BlackElo "2179"]

1.e4 c5 2.Nf3 d6 3.Bb5+ Bd7 4.a4 g6 5.O-O Bg7 6.c3 Nf6 7.Re1 O-O 8.d4 cxd4
9.cxd4 Nc6 10.d5 Nb8 11.Nc3 Bg4 12.h3 Bxf3 13.Qxf3 Nbd7 14.Be3 Qa5 15.Qe2 Rfc8
16.Bd4 Nc5 17.Bc4 Qb4 18.Na2 Qxa4 19.Nc3 Qe8 20.f4 a6 21.e5 Nh5 22.Qf3 Ne6
23.dxe6 Rxc4 24.Ne2 fxe6 25.Qxb7 Ng3 26.Nxg3 Rxd4 27.Rxa6 Rb8 28.Qf3 Rxb2
29.exd6 Rxd6 30.Rxe6 Rb1+ 31.Kh2 Rxe6 32.Rxe6 Qd7 33.Qe4 Qd1 34.Ne2 Qh1+
35.Kg3 Rb3+ 36.Kg4 Qe1 37.Rxe7 h5+ 38.Kg5 Rg3+  0-1

[Event "Petrovskaya Ladya Open"]
[Site "Peterhof RUS"]
[Date "2008.08.10"]
[Round "9"]
[White "Krikunov,V"]
[Black "Nugaev,N"]
[Result "1-0"]
[WhiteElo "2176"]
[BlackElo "1960"]

1.e4 c5 2.Nf3 d6 3.Bb5+ Nd7 4.d4 cxd4 5.Qxd4 a6 6.Bxd7+ Qxd7 7.Nc3 Nf6 8.Bg5 Qc6
9.O-O-O b5 10.e5 Nd7 11.exd6 e6 12.Rhe1 Qc5 13.Nd5 Qxd6 14.Bf4  1-0

[Event "Najdorf Memorial Open"]
[Site "Warsaw POL"]
[Date "2008.08.10"]
[Round "9"]
[White "Warakomski,T"]
[Black "Moranda,W"]
[Result "1/2-1/2"]
[WhiteElo "2502"]
[BlackElo "2533"]

1.e4 c5 2.Nf3 d6 3.Bb5+ Nc6 4.c3 Nf6 5.Qe2 Bg4 6.h3 Bxf3 7.Qxf3 Nd7 8.Qe2 g6
9.O-O Bg7 10.d3 Qc7 11.Be3 a6 12.Ba4 b5 13.Bb3 O-O 14.Rc1 e6 15.Nd2 Rae8
16.f4 f5 17.a4 Kh8 18.axb5 axb5 19.d4 c4 20.Bc2 Nf6 21.Ra6 d5 22.e5 Nd7 23.b4 Ra8
24.Rca1 Qb7 25.Rxa8 Rxa8 26.Qd1 Ra6 27.Qc1 Bf8 28.Rxa6 Qxa6 29.Qb2 Ndb8 30.Nb1 Qb6
31.Bd1 Na6 32.Bd2 Kg8 33.Kh1 Kf7 34.Na3 Ke8 35.Nc2 Kd7 36.Be2 Kc8 37.Qa1 Kb7
38.g4 Qd8 39.g5 Qe8 40.h4 Be7 41.Kg2 Nc7  1/2-1/2

[Event "VII Open"]
[Site "Ortigueira ESP"]
[Date "2008.08.11"]
[Round "2"]
[White "Carraminana Lopez,L"]
[Black "Martinez Insua,P"]
[Result "1-0"]
[WhiteElo "2031"]
[BlackElo "1460"]

1.e4 c5 2.Nf3 d6 3.Bb5+ Bd7 4.Bxd7+ Qxd7 5.O-O Nf6 6.e5 Ng4 7.exd6 Qxd6 8.Na3 Nc6
9.Nc4 Qc7 10.d3 Nd4 11.g3 b5 12.Nxd4 cxd4 13.Qxg4 bxc4 14.Qxd4 e5 15.Qxc4 Qxc4
16.dxc4 Rc8 17.b3 Bb4 18.Be3 a5 19.Rad1 O-O 20.Rd5 f6 21.Rfd1 a4 22.Rd7 Rf7
23.Rxf7 Kxf7 24.Rd7+ Kg6 25.Rb7 Bc3 26.c5 axb3 27.cxb3 Bd4 28.b4 Bxe3 29.fxe3 Kh6
30.c6 Rxc6 31.a4 g5 32.a5 g4 33.b5 Rc1+ 34.Kf2 Rc2+ 35.Kf1 Rc1+ 36.Ke2 Rh1
37.a6 Rxh2+ 38.Kd3 Ra2 39.a7 Ra3+ 40.Ke4 Ra4+ 41.Kf5 Ra2 42.b6 Ra3 43.Rf7 Rxe3
44.a8=Q  1-0

[Event "IM"]
[Site "Panevezys LTU"]
[Date "2008.08.12"]
[Round "1"]
[White "Berzina,I"]
[Black "Tsiganova,M"]
[Result "1-0"]
[WhiteElo "2297"]
[BlackElo "2241"]

1.e4 c5 2.Nf3 d6 3.Bb5+ Bd7 4.Bxd7+ Qxd7 5.O-O Nc6 6.c3 Nf6 7.Qe2 g6 8.d4 cxd4
9.cxd4 Bg7 10.Nc3 O-O 11.Rd1 Rac8 12.Bg5 h6 13.Bh4 Nh5 14.Rac1 Qg4 15.Nd5 g5
16.Bg3 Nxg3 17.hxg3 Qe6 18.Nc3 g4 19.d5 gxf3 20.gxf3 Qd7 21.dxc6 bxc6 22.Kg2 Rb8
23.Rh1 Rb4 24.Rh5 Rfb8 25.b3 Qe6 26.Qe3 Qg6 27.Rch1 Qf6 28.Ne2 a6 29.Rf5 Qb2
30.Nc1 Qd4 31.Qf4 R4b7 32.a4 Qb2 33.Rxh6 Bxh6 34.Qxh6 f6 35.Qg6+ Kf8 36.Rh5 e6
37.Rh8+  1-0

[Event "Acropolis Open"]
[Site "Athens GRE"]
[Date "2008.08.13"]
[Round "5"]
[White "Astaneh Lopez,A"]
[Black "Petraki,M"]
[Result "1-0"]
[WhiteElo "2357"]
[BlackElo "2069"]

1.e4 c5 2.Nf3 d6 3.Bb5+ Nd7 4.d4 cxd4 5.Qxd4 e5 6.Qd3 h6 7.c4 Nf6 8.O-O Be7
9.Nc3 O-O 10.Bxd7 Bxd7 11.b3 Be6 12.Rd1 Qb6 13.h3 Rad8 14.Be3 Qa5 15.Qd2 Qa6
16.Ne1 Nxe4 17.Nxe4 f5 18.Nc3 f4 19.Nd5 fxe3 20.Nxe7+ Kf7 21.Qxe3 Kxe7 22.c5 Qa5
23.Rac1 d5 24.Qxe5 Qxa2 25.Nf3 Rf6 26.c6 bxc6 27.Rxc6 Kf7 28.Ra1 Qxb3 29.Rxe6 Rxe6
30.Rxa7+ Kf8 31.Qxg7+  1-0

[Event "Open"]
[Site "Panevezys LTU"]
[Date "2008.08.13"]
[Round "3"]
[White "Gabrilavicius,A"]
[Black "Bernotas,A"]
[Result "1-0"]
[WhiteElo "2123"]
[BlackElo "1911"]

1.e4 c5 2.Nf3 d6 3.Bb5+ Bd7 4.a4 g6 5.O-O Bg7 6.Re1 Nf6 7.c3 O-O 8.d4 cxd4
9.cxd4 e6 10.Nc3 a6 11.Bf1 Nc6 12.Bg5 Qb8 13.Qd2 Re8 14.a5 Ne7 15.e5 Nfd5
16.Ne4 dxe5 17.dxe5 Bh8 18.Nd6 Rf8 19.Bxe7 Nxe7 20.Nxf7 Rxf7 21.Qxd7 Qc8
22.Qd2 Nc6 23.Ng5 Rf5 24.Bc4 Nd8 25.Rac1 Qb8 26.Nxe6 Nf7 27.f4 Qa7+ 28.Kh1 Rh5
29.Ng5  1-0

[Event "Open"]
[Site "Panevezys LTU"]
[Date "2008.08.13"]
[Round "3"]
[White "Laurusaite,B"]
[Black "Narva,T"]
[Result "1-0"]
[WhiteElo "2039"]
[BlackElo "1835"]

1.e4 c5 2.Nf3 d6 3.Bb5+ Bd7 4.Bxd7+ Qxd7 5.O-O Nf6 6.Re1 g6 7.c4 Bg7 8.Nc3 O-O
9.d4 cxd4 10.Nxd4 Nc6 11.Nc2 Rac8 12.f3 Ne5 13.b3 a6 14.Bb2 b5 15.cxb5 axb5
16.Qe2 Rc5 17.Nd4 Rb8 18.Red1 Qa7 19.Kh1 b4 20.Na4 Rcc8 21.Rac1 Nh5 22.Qd2 Qb7
23.Rc2 d5 24.Rxc8+ Rxc8 25.exd5 Qxd5 26.Nb6 Nxf3 27.Nxd5 Nxd2 28.Nxe7+  1-0

[Event "New England Masters"]
[Site "Pawtucket USA"]
[Date "2008.08.13"]
[Round "4"]
[White "Stopa,Ja"]
[Black "Esserman,M"]
[Result "1-0"]
[WhiteElo "2440"]
[BlackElo "2295"]

1.e4 c5 2.Nf3 d6 3.Bb5+ Nc6 4.Bxc6+ bxc6 5.O-O e5 6.c3 Bg4 7.h3 Bh5 8.d4 Bxf3
9.gxf3 cxd4 10.cxd4 Qc8 11.Kh2 Nf6 12.Rg1 g6 13.Nc3 Bg7 14.dxe5 Nh5 15.Qxd6 Qe6
16.f4 Qxd6 17.exd6 O-O-O 18.Rd1 Rhe8 19.Be3 Re6 20.Rac1 Rdxd6 21.Rxd6 Rxd6
22.Nb5 Re6 23.e5 g5 24.Nd4 Re8 25.Nxc6 Nxf4 26.Nxa7+ Kd7 27.Rd1+ Ke6 28.Nc6 Bxe5
29.Nxe5 Kxe5 30.Bxf4+ Kxf4 31.Kg2 Re2 32.Rd4+ Ke5 33.Rb4 f5 34.Kf3 Rc2 35.Rb5+ Kf6
36.a4 h5 37.a5 Rc1 38.b4 Ra1 39.Rb6+ Ke5 40.a6 g4+ 41.hxg4 fxg4+ 42.Kg3 Ra3+
43.Kg2 Kf4 44.b5 h4 45.Rf6+ Kg5 46.Rf7 Ra2 47.a7 h3+ 48.Kg3 Ra3+ 49.Kh2 Kg6
50.Rc7 Ra2 51.b6 Rxf2+ 52.Kg3 Rg2+ 53.Kf4  1-0

[Event "New England Masters"]
[Site "Pawtucket USA"]
[Date "2008.08.13"]
[Round "5"]
[White "Stopa,Ja"]
[Black "Vovsha,E"]
[Result "0-1"]
[WhiteElo "2440"]
[BlackElo "2461"]

1.e4 c5 2.Nf3 d6 3.Bb5+ Nd7 4.d4 Nf6 5.Nc3 cxd4 6.Qxd4 a6 7.Bxd7+ Bxd7 8.Bg5 Rc8
9.O-O-O e5 10.Qe3 Ng4 11.Qd2 f6 12.Be3 Qa5 13.a3 Rxc3 14.Qxc3 Qxc3 15.bxc3 Nxe3
16.fxe3 Bc6 17.Nd2 d5 18.Kb2 dxe4 19.Nc4 Bc5 20.Na5 Ke7 21.Nxc6+ bxc6 22.Rhe1 Rb8+
23.Ka2 f5 24.a4 Ke6 25.Re2 g5 26.Rh1 Be7 27.Rd1 h5 28.Rf1 Bc5 29.h3 h4 30.Rd1 a5
31.Rf1 Rb7 32.Rh1 Rb8 33.Rd1 Rg8 34.Rde1 f4 35.exf4 gxf4 36.Rxe4 Be3 37.R1xe3 fxe3
38.Rxe3 Rxg2 39.Re4 Kf5 40.Rxh4 e4 41.Rh8 e3 42.Re8 Kf4 43.Kb3 Rg5 44.Kc4 Kf3
45.h4 Rf5  0-1

[Event "Open A"]
[Site "Vladimir RUS"]
[Date "2008.08.13"]
[Round "2"]
[White "Schepetkova,M"]
[Black "Danin,A"]
[Result "0-1"]
[WhiteElo "2173"]
[BlackElo "2469"]

1.e4 c5 2.Nf3 d6 3.Bb5+ Nd7 4.d4 Nf6 5.O-O cxd4 6.Qxd4 e5 7.Qd3 h6 8.c4 Be7
9.Nc3 O-O 10.Bxd7 Bxd7 11.Rd1 Rc8 12.b3 a6 13.Be3 Be6 14.a4 Qa5 15.Rac1 Nd7
16.Qb1 Qd8 17.Nd5 Qe8 18.Qd3 Bd8 19.b4 f5 20.c5 Qg6 21.exf5 Bxf5 22.Qb3 Be6
23.cxd6 Rxc1 24.Bxc1 Nb6 25.Nxe5 Qf5 26.Qf3 Nxd5 27.Bxh6 Bf6 28.Nd3 Qg4 29.Qxg4 Bxg4
30.f3 Nc3 31.Rd2 gxh6 32.fxg4 Bd4+ 33.Nf2 Be3  0-1

[Event "83rd ch-FRA w"]
[Site "Pau FRA"]
[Date "2008.08.14"]
[Round "4"]
[White "Muller,Ann"]
[Black "Lallemand,R"]
[Result "0-1"]
[WhiteElo "2179"]
[BlackElo "2285"]

1.e4 c5 2.Nf3 d6 3.Bb5+ Bd7 4.Bxd7+ Qxd7 5.c4 Nc6 6.O-O Ne5 7.d3 g6 8.Nc3 Bg7
9.Be3 b6 10.h3 e6 11.Rc1 Ne7 12.Ne1 O-O 13.b3 N5c6 14.f4 d5 15.Ne2 Rad8 16.Nf3 dxe4
17.dxe4 Qb7 18.Qe1 Nb4 19.Ne5 Qxe4 20.Nc3 Qb7 21.Rd1 Nec6 22.Rxd8 Rxd8 23.Qh4 Qe7
24.Qg3 Nxe5 25.fxe5 Qc7 26.Nb5 Qxe5 27.Bf4 Qe4 28.Bg5 Be5 29.Qf2 f6 30.Re1 Qf5
31.Qxf5 gxf5 32.Be3 Nc2 33.Re2 Nxe3 34.Rxe3 a6  0-1

[Event "Petrovskaya Ladya GM2"]
[Site "Peterhof RUS"]
[Date "2008.08.14"]
[Round "4"]
[White "Kosov,Iv"]
[Black "Brodsky,M"]
[Result "1/2-1/2"]
[WhiteElo "2405"]
[BlackElo "2548"]

1.e4 c5 2.Nf3 d6 3.Bb5+ Nc6 4.Bxc6+ bxc6 5.O-O e5 6.c3 Nf6 7.d4 cxd4 8.cxd4 exd4
9.Qxd4 Be7 10.Nc3 O-O 11.h3 Qb6 12.Bf4 Rd8 13.Rad1 c5 14.Qd2 Bb7 15.Rfe1 d5
16.exd5 Nxd5 17.Na4 Qb4 18.Qxb4 cxb4 19.Rxd5 Rxd5 20.Rxe7 Bc6 21.b3 Bxa4
22.bxa4 Ra5 23.Re2 Rxa4 24.Bd6 a5 25.Nd4 Ra3 26.Nb3 h6 27.Rb2 Rd8 28.Bc5 Rd5
29.Be3 a4 30.Nd4 b3 31.axb3 axb3 32.Rxb3 Rxb3 33.Nxb3 f6 34.Nd4 Kf7 35.g3 Ra5
36.Kg2 h5 37.g4 hxg4 38.hxg4 Ra2 39.Kf3 Ra5 40.Kg3  1/2-1/2

[Event "Alan Benson IM"]
[Site "San Francisco USA"]
[Date "2008.08.14"]
[Round "4"]
[White "Ganbold,O"]
[Black "De Guzman,R"]
[Result "0-1"]
[WhiteElo "2380"]
[BlackElo "2389"]

1.e4 c5 2.Nf3 d6 3.Bb5+ Nd7 4.O-O Nf6 5.Re1 a6 6.Bf1 b6 7.d3 Bb7 8.Nbd2 g6
9.c3 Bg7 10.d4 cxd4 11.cxd4 O-O 12.Bd3 Qc7 13.a4 e5 14.d5 h6 15.Ra3 Nc5 16.Bb1 b5
17.a5 b4 18.Ra1 Nh5 19.Nb3 Nd7 20.Ra4 f5 21.Nh4 g5 22.Ng6 Nf4 23.Nxf8 Rxf8
24.g3 Nh3+ 25.Kg2 g4 26.Rxb4 Nf6 27.Nd2 fxe4 28.Nxe4 Bxd5 29.f3 gxf3+ 30.Kf1 Bc4+
31.Rxc4 Qxc4+ 32.Bd3 Qd4 33.Nxf6+ Rxf6 34.Qb3+ Kh8 35.Be3 Qg4 36.Qc4 Nf4
37.Bxf4 Rxf4 38.Qxa6 f2  0-1

[Event "2nd FIDE GP"]
[Site "Sochi RUS"]
[Date "2008.08.14"]
[Round "13"]
[White "Al Modiahki,M"]
[Black "Gelfand,B"]
[Result "1/2-1/2"]
[WhiteElo "2556"]
[BlackElo "2720"]

1.e4 c5 2.Nf3 d6 3.Bb5+ Nd7 4.O-O Nf6 5.Re1 a6 6.Bf1 b6 7.d4 cxd4 8.Nxd4 Bb7
9.c4 g6 10.Nc3 Bg7 11.Bg5 O-O 12.Qd2 Rc8 13.Rac1 Re8 14.f3 e6 15.Kh1 Qc7
16.Red1 Qb8 17.Nb3 Rc6 18.Nd4 Rcc8 19.Nb3 Rc6 20.Nd4 Rcc8  1/2-1/2

[Event "WCh-Junior Girls"]
[Site "Gaziantep TUR"]
[Date "2008.08.15"]
[Round "13"]
[White "Albano Jeremias,B"]
[Black "Padmini,R"]
[Result "0-1"]
[WhiteElo "1990"]
[BlackElo "2257"]

1.e4 c5 2.Nf3 d6 3.Bb5+ Nc6 4.O-O Bd7 5.c3 Nf6 6.Re1 a6 7.Ba4 b5 8.Bc2 Bg4
9.h3 Bh5 10.d3 e6 11.Bg5 Be7 12.Nbd2 O-O 13.a4 h6 14.Bf4 b4 15.Nf1 a5 16.Ng3 Bg6
17.d4 d5 18.Ne5 Nxe5 19.dxe5 Nxe4 20.Nxe4 dxe4 21.Qg4 e3 22.Bxg6 exf2+ 23.Kxf2 fxg6
24.Kg1 Kh7 25.Rad1 Qb6 26.h4 Qc6 27.Rf1 Rf5 28.Rd3 Raf8 29.Rdf3 h5 30.Qh3 bxc3
31.g4 hxg4 32.Qxg4 Qe4 33.bxc3 Qxa4 34.Kg2 Qc2+ 35.R1f2 Qe4 36.Kg1 c4 37.Re3 Rxf4
38.Rxe4 Rxg4+ 39.Rxg4 Bc5  0-1

[Event "Open"]
[Site "Panevezys LTU"]
[Date "2008.08.15"]
[Round "5"]
[White "Gabrilavicius,A"]
[Black "Malinin,Y"]
[Result "1/2-1/2"]
[WhiteElo "2123"]
[BlackElo "2353"]

1.e4 c5 2.Nf3 d6 3.Bb5+ Nc6 4.O-O Bd7 5.Re1 Nf6 6.c3 a6 7.Bf1 Bg4 8.d3 e6
9.Nbd2 Be7 10.h3 Bh5 11.a4 O-O 12.Qb3 Qc7 13.g4 Bg6 14.Nh4 d5 15.Nxg6 hxg6
16.Nf3 c4 17.Qc2 dxe4 18.dxe4 Na5 19.Be3 e5 20.Rad1 Rad8 21.Bg5 Rfe8 22.Be3 Bc5
23.Bg5 Rxd1 24.Rxd1 Nd7 25.Qd2 Nb6 26.Bd8 Qc6 27.Bg2 Nb3 28.Qg5 Nd7 29.a5 Qc8
30.Bf1 Ba7 31.Bxc4 Qxc4 32.Rxd7 Qe2 33.Bb6 Bxb6 34.axb6 Qxf3 35.Rd8 f6 36.Rxe8+ Kf7
37.Qh4 Kxe8 38.Qh8+ Kf7 39.Qd8 Qxe4 40.Qd7+ Kf8 41.Qd8+ Kf7  1/2-1/2

[Event "Open"]
[Site "Panevezys LTU"]
[Date "2008.08.15"]
[Round "6"]
[White "Macenis,A"]
[Black "Malisauskas,V"]
[Result "0-1"]
[WhiteElo "2128"]
[BlackElo "2476"]

1.e4 c5 2.Nf3 d6 3.Bb5+ Bd7 4.Bxd7+ Nxd7 5.O-O Ngf6 6.Qe2 e6 7.c4 Ne5 8.Rd1 Qb6
9.b3 Qc6 10.Nc3 Nxf3+ 11.Qxf3 Be7 12.d4 cxd4 13.Rxd4 O-O 14.Bb2 Rfd8 15.Rad1 a6
16.Qe2 Ne8 17.e5 dxe5 18.Rxd8 Rxd8 19.Rxd8 Bxd8 20.Qxe5 Bf6 21.Qe2 Nd6 22.Nd1 Bxb2
23.Nxb2 Qc5 24.Qd2 h6 25.h3 Ne4 26.Qc2 Qd4 27.Nd3 Nc3 28.a4 a5 29.Ne1 Ne4
30.Nf3 Qa1+ 31.Kh2 f5 32.Ng1 Qe1 33.Qe2 Qxf2 34.Qxf2 Nxf2 35.Nf3 Ne4 36.Nd4 Kf7  0-1

[Event "GM"]
[Site "Panevezys LTU"]
[Date "2008.08.15"]
[Round "6"]
[White "Sarakauskas,G"]
[Black "Kovalev,An"]
[Result "1/2-1/2"]
[WhiteElo "2449"]
[BlackElo "2550"]

1.e4 c5 2.Nf3 d6 3.Bb5+ Bd7 4.Bxd7+ Qxd7 5.c4 Nf6 6.Nc3 g6 7.O-O Bg7 8.d4 cxd4
9.Nxd4 O-O 10.f3 Rc8 11.b3 d5 12.exd5 Nxd5 13.Nxd5 e6 14.Be3 exd5 15.cxd5 Qxd5
16.Qd2 Nc6 17.Nxc6 Qxd2 18.Ne7+ Kf8 19.Bxd2 Bxa1 20.Nxc8 Bd4+ 21.Kh1 Rxc8
22.Rc1 Rxc1+ 23.Bxc1 Ke7 24.g4 Ke6 25.Kg2 Kd5 26.Kf1 f5 27.Ke2 fxg4 28.fxg4 Ke4
29.h3 a6 30.Bh6 Be5 31.Be3 Bf4 32.Bb6 Bc1 33.Bc5 Bb2 34.Be3 Be5 35.Bc1 Bf4
36.Bb2 Be3 37.Bg7 b5 38.Bf8 Bb6 39.Bh6 Bc5 40.Bg5 h5 41.gxh5 gxh5 42.Bh6 Be7
43.Be3 Bd6 44.Bc1 Bf4 45.Ba3 Be5 46.Bc1 Bf4 47.Ba3 Be5  1/2-1/2

[Event "Alan Benson IM"]
[Site "San Francisco USA"]
[Date "2008.08.15"]
[Round "5"]
[White "Mezentsev,V"]
[Black "Naroditsky,D"]
[Result "1/2-1/2"]
[WhiteElo "2400"]
[BlackElo "2313"]

1.e4 c5 2.Nf3 d6 3.Bb5+ Bd7 4.Bxd7+ Qxd7 5.O-O Nf6 6.Re1 Nc6 7.d4 cxd4 8.Nxd4 g6
9.c4 Bg7 10.Nc3 O-O 11.Nc2 Rac8 12.b3 Nh5 13.Qd2 Nf4 14.f3 g5  1/2-1/2

[Event "8th Savaria Summer IM"]
[Site "Szombathely HUN"]
[Date "2008.08.15"]
[Round "2"]
[White "Majeric,Z"]
[Black "Bodo,No1"]
[Result "0-1"]
[WhiteElo "2312"]
[BlackElo "2414"]

1.e4 c5 2.Nf3 d6 3.Bb5+ Nd7 4.O-O Nf6 5.Re1 a6 6.Bf1 b6 7.d4 cxd4 8.Qxd4 Bb7
9.Nc3 e6 10.Bg5 Be7 11.Rad1 Qc7 12.Bh4 Rd8 13.Bg3 Nc5 14.e5 dxe5 15.Qxe5 Qc8
16.Qc7 Ncd7 17.Qxc8 Rxc8 18.Ne5 Nxe5 19.Bxe5 b5 20.g3 O-O 21.Bd6 Bxd6 22.Rxd6 Rfd8
23.Rxd8+ Rxd8 24.Rd1 Rc8 25.Rd6 Kf8 26.Bd3 Ke7 27.Rd4 Nd5 28.Nxd5+ Bxd5 29.Kf1 g5
30.h4 h6 31.hxg5 hxg5 32.a4 Bc4 33.Bxc4 Rxc4 34.Rxc4 bxc4 35.Ke2 Kd6 36.Ke3 Kd5
37.Kd2 a5 38.Kc3 Kc5 39.g4 f5 40.f3 Kd5 41.Kd2 Kd4 42.b3 cxb3 43.cxb3 fxg4
44.fxg4 Kc5 45.Kc3 e5 46.Kd3 Kb4 47.Ke4 Kxb3 48.Kf5 e4  0-1